[Event "Lingen op 4th"]
[Site "Lingen"]
[Date "2012.07.21"]
[Round "2"]
[White "Ritter, Uwe"]
[Black "Schneider, Ilja"]
[Result "0-1"]
[WhiteElo "2032"]
[BlackElo "2490"]
[PlyCount "48"]
[EventDate "2012.07.20"]
[EventType "swiss"]
[EventRounds "5"]
[EventCountry "GER"]
[SourceTitle "EXT 2014"]
[Source "ChessBase"]
[SourceDate "2013.11.20"]
[SourceVersion "1"]
[SourceVersionDate "2013.11.20"]
[SourceQuality "1"]

1. e4 d5 2. exd5 Qxd5 3. Nc3 Qa5 4. d4 Nf6 5. Nf3 Nc6 6. Bb5 Ne4 7. Qd3 Nxc3 8. bxc3 a6 9. Bxc6+ bxc6 10. Ne5 f6 11. Nc4 Qf5 12. Qe2 e6 13. Ne3 Qb5 14. Qf3 a5 15. a4 Qa6 16. Qg3 c5 17. Rb1 cxd4 18. cxd4 Bd7 19. Qxc7 Bb4+ 20. Bd2 Rc8 21. Qg3 0-0 22. Bxb4 axb4 23. Rxb4 Qa5 24. Qd6 Rc6 0-1